000 00457nam a22001817a 4500
999 _c160380
_d160380
005 20190128142453.0
010 _aA-937329
020 _a8126003855
_c45.00
035 _aA-937329
037 _bSahitya Akademi
082 _aS
100 _aSaikia, Bhabendra Nath
245 _aFetters /
_cBhabendra Nath Saikia
260 _aNew Delhi
_bSahitya Akademi
_c1997
300 _a166p.
_c22cm(hbk)
700 _aBiswas, Ranjita
942 _2ddc
_cEN
_hS
_mSAI